000
00287nam a2200097Ia 4500
082
_a
320.967571 VAS
245
0
_a
Rwanda : an agenda for international action
100
_a
ROSS, Fiona C. Claremont, South Africa, 2010
942
_c
BK
008
210817s9999 xx 000 0 und d
999
_c
184890
_d
184890